Resguardo Indígena de Belalcázar : derecho, historia y diversidad ancestral del territorio /

Detalles Bibliográficos
Autores principales: Araque Chacón, Andrea Carolina (Autor), Flórez Delgado, Dixon Fabián (Autor), Becerra Galvis, Zaidly Yurley (Autor)
Formato: Electrónico eBook
Lenguaje:español
Publicado: [Pamplona, Colombia] : Sello Editorial Unipamplona, [2025]
Edición:Primera edición.
Colección:Colección Ciencias sociales y humanas (Universidad de Pamplona)
Materias:
Acceso en línea:Digitalia Hispánica

MARC

LEADER 00000nam a2200000 i 4500
001 DIGUPAMP0092
003 NyNyDIG
007 cr |||||||||||
008 250909s2025 ck ao ob 000 0 spa d
006 m o d
035 |a (OCoLC)1536546006 
040 |a DGITA  |b eng  |e rda  |e pn  |c DGITA 
020 |a 9786287656581  |q (digital) 
024 7 |a 10.24054/seu.113  |2 doi 
043 |a s-ck--- 
050 1 4 |a F2270.2.P3 ebook 
100 1 |a Araque Chacón, Andrea Carolina,  |e author. 
245 1 0 |a Resguardo Indígena de Belalcázar :  |b derecho, historia y diversidad ancestral del territorio /  |c Andrea Carolina Araque Chacón, Dixon Fabián Flórez Delgado, Zaidly Yurley Becerra Galvis. 
250 |a Primera edición. 
264 1 |a [Pamplona, Colombia] :  |b Sello Editorial Unipamplona,  |c [2025] 
300 |a 1 online resource :  |b color illustrations, color photographs. 
336 |a text  |b txt  |2 rdacontent 
337 |a computer  |b c  |2 rdamedia 
338 |a online resource  |b cr  |2 rdacarrier 
347 |a text file  |2 rdaft 
347 |b PDF 
490 1 |a Colección Ciencias sociales y humanas 
504 |a Includes bibliographical references. 
588 0 |a Online resource; title from PDF title page (Digitalia, viewed September 9, 2025) 
650 0 |a Paez Indians  |z Colombia  |z Páez. 
651 0 |a Páez (Colombia)  |x History. 
700 1 |a Flórez Delgado, Dixon Fabián,  |e author. 
700 1 |a Becerra Galvis, Zaidly Yurley,  |e author. 
791 2 |a Digitalia (Firm),  |e distributor. 
793 0 |g Digitalia eBook Collection:  |a Universidad de Pamplona 
830 0 |a Colección Ciencias sociales y humanas (Universidad de Pamplona) 
856 4 0 |3 Digitalia Hispánica  |u https://www.digitaliapublishing.com/a/175740/ 
910 |a Premium collection: 2025